Chambers twentieth century dictionary : (Record no. 61097)

000 -LEADER
fixed length control field 01230nam a2200289 i 4500
001 - CONTROL NUMBER
control field 3688034
003 - CONTROL NUMBER IDENTIFIER
control field NUST-PNEC
005 - DATE AND TIME OF LATEST TRANSACTION
control field 20170116180714.0
008 - FIXED-LENGTH DATA ELEMENTS--GENERAL INFORMATION
fixed length control field 780825s1977 stk d 000 0 eng
010 ## - LIBRARY OF CONGRESS CONTROL NUMBER
LC control number 78311410
015 ## - NATIONAL BIBLIOGRAPHY NUMBER
National bibliography number GB77-33752
020 ## - INTERNATIONAL STANDARD BOOK NUMBER
International Standard Book Number 0550102264 :
-- 0550102272 (presentation ed.).
-- 0550102280 (quarter leather ed.).
-- 0550102299 (full leather ed.).
-- 0550102302 (half leather handbd.).
-- 0550102310 (full leather handbd.)
040 ## - CATALOGING SOURCE
Original cataloging agency DLC
Transcribing agency PNEC
Modifying agency DLC
050 00 - LIBRARY OF CONGRESS CALL NUMBER
Classification number PE1628
Item number .C43 1977
082 00 - DEWEY DECIMAL CLASSIFICATION NUMBER
Classification number 423 MAC
100 ## - MAIN ENTRY--PERSONAL NAME
9 (RLIN) 652
Personal name Macdonald A.M.
245 00 - TITLE STATEMENT
Title Chambers twentieth century dictionary :
Remainder of title with supplement.
Statement of responsibility, etc. A.M. Macdonald
250 ## - EDITION STATEMENT
Edition statement Rev. [ed.]. /
Remainder of edition statement edited by A. M. Macdonald.
260 ## - PUBLICATION, DISTRIBUTION, ETC.
Place of publication, distribution, etc. Edinburgh :
Name of publisher, distributor, etc. W. and R. Chambers,
Date of publication, distribution, etc. 1977.
300 ## - PHYSICAL DESCRIPTION
Extent xii, 1652 p. ;
Dimensions 22 cm.
500 ## - GENERAL NOTE
General note http://www.amazon.com/s/ref=nb_sb_noss?url=search-alias%3Dstripbooks&field-keywords=0550102264&rh=n%3A283155%2Ck%3A0550102264
500 ## - GENERAL NOTE
General note First ed. published in 1901 under title: Chambers twentieth century dictionary of the English language.
650 #0 - SUBJECT ADDED ENTRY--TOPICAL TERM
Topical term or geographic name entry element English language
General subdivision Dictionaries.
700 1# - ADDED ENTRY--PERSONAL NAME
Personal name Macdonald, A. M.,
Relator term ed.
906 ## - LOCAL DATA ELEMENT F, LDF (RLIN)
a 7
b cbc
c orignew
d 4
e ncip
f 19
g y-gencatlg
942 ## - ADDED ENTRY ELEMENTS (KOHA)
Source of classification or shelving scheme
Koha item type Book
Holdings
Withdrawn status Lost status Source of classification or shelving scheme Damaged status Not for loan Permanent Location Current Location Shelving location Date acquired Source of acquisition Cost, normal purchase price Total Checkouts Full call number Barcode Date last seen Cost, replacement price Price effective from Koha item type
          Pakistan Navy Engineering College (PNEC) Pakistan Navy Engineering College (PNEC) Reference   - 0.00   423 MAC PNECLIB-005332 10/16/2014 0.00   Book
© 2023 Central Library, National University of Sciences and Technology. All Rights Reserved.